[Event "Havana"]
[Site "Havana"]
[Date "2009.07.05"]
[Round "14"]
[White "Gutierrez Delgado, Yusuan Alfredo"]
[Black "Gonzalez Morales, Nerio"]
[Result "1-0"]
[WhiteElo "2263"]
[BlackElo "2313"]
[PlyCount "63"]
[EventDate "2009.06.22"]
[EventType "tourn"]
[EventRounds "15"]
[EventCountry "CUB"]
[EventCategory "1"]
[SourceTitle "CBM 131 Extra"]
[Source "ChessBase"]
[SourceDate "2009.09.03"]
[SourceVersion "2"]
[SourceVersionDate "2009.09.16"]
[SourceQuality "1"]

1. e4 c5 2. Nf3 d6 3. d4 cxd4 4. Nxd4 Nf6 5. Nc3 a6 6. f3 e5 7. Nb3 Be6 8. Be3 Nbd7 9. Qd2 Be7 10. 0-0-0 b5 11. g4 h6 12. Kb1 Nb6 13. Qf2 Nfd7 14. h4 Rc8 15. Nd5 Bxd5 16. exd5 Nc4 17. Bc1 Qb6 18. Qe1 0-0 19. g5 h5 20. f4 f5 21. gxf6 Bxf6 22. Bh3 Nc5 23. Nxc5 Qxc5 24. Be6+ Rf7 25. Bxc8 Qxc8 26. b3 e4 27. bxc4 bxc4 28. c3 e3 29. Bxe3 Rb7+ 30. Ka1 Qb8 31. Bd4 Rb2 32. Rb1 1-0

[Event "Havana"]
[Site "Havana"]
[Date "2009.07.03"]
[Round "12"]
[White "Fernandez Hernandez, Arturo Augusto"]
[Black "Gonzalez Morales, Nerio"]
[Result "1/2-1/2"]
[WhiteElo "2289"]
[BlackElo "2313"]
[PlyCount "183"]
[EventDate "2009.06.22"]
[EventType "tourn"]
[EventRounds "15"]
[EventCountry "CUB"]
[EventCategory "1"]
[SourceTitle "CBM 131 Extra"]
[Source "ChessBase"]
[SourceDate "2009.09.03"]
[SourceVersion "2"]
[SourceVersionDate "2009.09.16"]
[SourceQuality "1"]

1. e4 c5 2. Nf3 d6 3. d4 cxd4 4. Nxd4 Nf6 5. Nc3 a6 6. Bc4 e6 7. Bb3 Be7 8. g4 h6 9. Rg1 Nc6 10. Be3 Na5 11. Qe2 Nxb3 12. axb3 Bd7 13. f4 Rc8 14. g5 Rxc3 15. bxc3 Nxe4 16. Nf3 hxg5 17. Nxg5 Nxc3 18. Qd3 Bf6 19. Nh7 Nd5 20. 0-0-0 Bc3 21. Bd2 Bb5 22. Qh3 Qa5 23. Nf6+ gxf6 24. Bxc3 Qxc3 25. Qxh8+ Ke7 26. Kb1 Ne3 27. Qh7 Nxd1 28. Rxd1 Qf3 29. Rd4 e5 30. fxe5 dxe5 31. Rd2 Qe3 32. Rd1 Be2 33. Rd5 Bf3 34. Qd3 Qe1+ 35. Kb2 Bxd5 36. Qxd5 Qb4 37. c4 Qb6 38. h3 Qc6 39. h4 Qb6 40. h5 Qf2+ 41. Ka3 Qf4 42. Qxb7+ Kf8 43. Qxa6 e4 44. h6 Qxh6 45. Qa8+ Kg7 46. Qxe4 Qc1+ 47. Kb4 Qd2+ 48. Kb5 Qd7+ 49. Qc6 Qf5+ 50. c5 Qd3+ 51. Ka4 f5 52. Qb5 Qe4+ 53. Qb4 Qa8+ 54. Kb5 Qb7+ 55. Kc4 Qe4+ 56. Kc3 Qe1+ 57. Kc4 Qe4+ 58. Kb5 Qb7+ 59. Ka4 Qa8+ 60. Qa5 Qe4+ 61. Ka3 Qd4 62. Qc7 Qa1+ 63. Kb4 Qd4+ 64. Ka5 f4 65. c6 Qc5+ 66. Ka4 Qd4+ 67. b4 Qd1+ 68. Ka5 Qa1+ 69. Kb5 Qf6 70. Ka5 Qa1+ 71. Kb6 Qd4+ 72. Kb5 Qf6 73. Ka5 Qa1+ 74. Kb6 Qd4+ 75. Ka6 Qxb4 76. Qe5+ f6 77. Qb5 Qxb5+ 78. Kxb5 f3 79. c7 f2 80. c8Q f1Q+ 81. Kb4 Qb1+ 82. Ka3 Qa1+ 83. Kb3 Qe5 84. Kc2 f5 85. Kd2 Kg6 86. Qc6+ Kg5 87. Qg2+ Kf6 88. Qf3 Qd4+ 89. Ke2 Qb2+ 90. Ke3 Qc3+ 91. Ke2 Qc2+ 92. Ke3 1/2-1/2

[Event "Havana"]
[Site "Havana"]
[Date "2009.06.27"]
[Round "6"]
[White "Gonzalez Morales, Nerio"]
[Black "Delgado Ramos, Hector"]
[Result "0-1"]
[WhiteElo "2313"]
[BlackElo "2385"]
[PlyCount "47"]
[EventDate "2009.06.22"]
[EventType "tourn"]
[EventRounds "15"]
[EventCountry "CUB"]
[EventCategory "1"]
[SourceTitle "CBM 131 Extra"]
[Source "ChessBase"]
[SourceDate "2009.09.03"]
[SourceVersion "2"]
[SourceVersionDate "2009.09.16"]
[SourceQuality "1"]

1. d4 d5 2. c4 c6 3. Nc3 Nf6 4. Bg5 dxc4 5. e3 b5 6. Bxf6 exf6 7. Nf3 Bb4 8. Be2 0-0 9. Qc2 Bb7 10. h4 Nd7 11. Kf1 Nb6 12. Ne4 Re8 13. Rd1 Nd5 14. a3 Bf8 15. Rd2 Bc8 16. Nc3 Qa5 17. Nd1 g6 18. e4 Rxe4 19. b4 Qxa3 20. Ne5 Bf5 21. Nxc4 bxc4 22. Qxc4 Qxb4 23. Qa2 Rae8 24. Bf3 0-1

[Event "Havana"]
[Site "Havana"]
[Date "2009.06.22"]
[Round "1"]
[White "Duarte Napoles, Fanny"]
[Black "Gonzalez Morales, Nerio"]
[Result "1-0"]
[WhiteElo "2264"]
[BlackElo "2313"]
[PlyCount "89"]
[EventDate "2009.06.22"]
[EventType "tourn"]
[EventRounds "15"]
[EventCountry "CUB"]
[EventCategory "1"]
[SourceTitle "CBM 131 Extra"]
[Source "ChessBase"]
[SourceDate "2009.09.03"]
[SourceVersion "2"]
[SourceVersionDate "2009.09.16"]
[SourceQuality "1"]

1. d4 Nf6 2. c4 g6 3. Nc3 Bg7 4. e4 d6 5. Nf3 0-0 6. Be2 b6 7. 0-0 Bb7 8. d5 c5 9. Bg5 h6 10. Bh4 Nbd7 11. Nd2 e6 12. dxe6 fxe6 13. f4 a6 14. Bf3 Qc7 15. Qc2 Kh7 16. Rae1 e5 17. f5 g5 18. Bf2 g4 19. Bd1 h5 20. Qd3 Bh6 21. Be3 Bxe3+ 22. Rxe3 Rh8 23. h3 Kg7 24. hxg4 hxg4 25. Rg3 Rag8 26. Bxg4 Kf8 27. Bd1 Rxg3 28. Qxg3 b5 29. Be2 bxc4 30. Bxc4 Nb6 31. Qg6 Qe7 32. Be6 Bc6 33. Rd1 Be8 34. Qg5 Rh5 35. Qg3 Qh7 36. Kf2 Rh4 37. Nf3 Rf4 38. Qg5 Ng4+ 39. Kg1 Rxf3 40. Qxg4 Bh5 41. Qh4 Rf4 42. Qf6+ Bf7 43. Bxf7 Qxf7 44. Qxd6+ Kg7 45. Qxe5+ 1-0